| 000 | 01279njm a22003137a 4500 | ||
|---|---|---|---|
| 005 | 20100914112445.0 | ||
| 006 | a|||||r|||||00| 0 | ||
| 007 | sd ammalaaahaa | ||
| 008 | 100910t xxu||||| |||| 00| 0 hin d | ||
| 028 |
_a7EPE. 7026 _bEMI |
||
| 035 | _aGR-02849 | ||
| 040 | _aSED/VEN | ||
| 100 |
_91184 _aKishore Kumar |
||
| 245 |
_aAap ki kasam part. / _cby Kishor Kumar & Lata Mangeskar ; music R. D. Burman ; lyric Anand Bakshi |
||
| 246 | _aआप की कसम (किशोर कुमार) | ||
| 260 |
_aDum Dum, India _bEMI _cn. d. |
||
| 300 |
_a1 sound disc : [Gramophone Record] _banalog, 45 rpm _c7.5 in. _fGramophone Records |
||
| 500 | _aBrief record. | ||
| 500 | _aRecord Label : EMI , Red | ||
| 505 | _aSide 2 जय जय शिव शंकर (Jai jai shiv shankar) (लता मंगेशकर ) Side 2 करवटें बदलते रहे (Karvten Badalte Rahe) (किशोरे कुमार ) | ||
| 600 | _2Kishore Kumar | ||
| 650 |
_xExcerpts _zIndia _919370 _aFilm Song |
||
| 700 |
_919371 _aMangeskar, Lata |
||
| 700 |
_aBurman, R. D. _919937 |
||
| 700 |
_919372 _aBakshi, Anand |
||
| 700 | _919676 | ||
| 942 |
_2ddc _cGR |
||
| 999 |
_c46128 _d46128 |
||